Normal view
MARC view
- Spencer, Robert E.
Entry Personal Name
001 - CONTROL NUMBER
- control field: 103062
003 - CONTROL NUMBER IDENTIFIER
- control field: NUST
005 - DATE AND TIME OF LATEST TRANSACTION
- control field: 20221118124251.0
008 - FIXED-LENGTH DATA ELEMENTS
- fixed length control field: 221118|| aca||aabn | a|a d
040 ## - CATALOGING SOURCE
- Original cataloging agency: NUST
- Transcribing agency: NUST
100 ## - HEADING--PERSONAL NAME
- Personal name: Spencer, Robert E.
670 ## - SOURCE DATA FOUND
- Source citation: Work cat.: (NUST)180220: Campbell, Hugh G. 75137, A short course in calculus with applications / , [1975]
